00682nas a2200229Ia 4500001001600000003001000016008004100026040002500067041001300092100002100105210001900126222001900145245003400164250001100198260000900209501012300218300001400341362002600355500003700381650002300418700001100441A10/R172-34188 IT-MiCISF161014c99999999xx |||||||||||| ||und|| aIT-MiCISFcIT-MiCISF aITALIANO aDonati Pierpaolo aVita pastorale aVita pastorale 0aFamiglia è un nome plurale? a1a ed. c2001 bCISF - Centro Internazionale Studi Famiglia - Via Giotto, 36 20145 MILANO (non commercial uses only)cCopyright 2016 app. 28-30 an. 10, ottobre [2001] a Tema: famiglia, società, cisf aFAMIGLIAvarticolo aAA.VV.